Cuestiones sobre el proceso penal

Zapisane w:
Opis bibliograficzny
1. autor: Carnelutti, Francesco (Autor)
Format: Książka
Język:hiszpański
Wydane: Ciudad de México Jurídica Universitaria 2001
Seria:Clásicos del Derecho Procesal Penal, 2
Hasła przedmiotowe:
Etykiety: Dodaj etykietę
Nie ma etykietki, Dołącz pierwszą etykiete!

MARC

LEADER 00000nam a2200000 a 4500
001 UCI4182
003 CL-VaPUC
008 071228e20010000MX |||||||||||||||||spa|d
020 |a 9968380822 Serie Completa 
020 |a 9968380180 
082 0 4 |a 345.05  |b CAR  |2 21 
100 0 |a Carnelutti, Francesco  |e author  |9 384867 
245 1 0 |a Cuestiones sobre el proceso penal 
300 |a 265 p 
942 |c BK 
945 |d 20071228 00:00:00  |a rbrito 
260 |a Ciudad de México  |b Jurídica Universitaria  |c 2001 
650 0 |a Derecho procesal penal   |9 256392 
650 7 |a CODIGO DE PROCEDIMIENTO PENAL  |2 CL-VaPUC  |9 256474 
650 7 |a PROCESO  |2 CL-VaPUC  |9 335377 
650 0 |a Nulidad   |9 256755 
650 0 |a Jurisdicción  |9 255090 
650 7 |a MEDIOS DE PRUEBAS  |2 CL-VaPUC  |9 525848 
650 0 |a Prueba  |9 256247 
650 7 |a SENTENCIA  |2 CL-VaPUC  |9 381937 
650 0 |a Recurso de casación  |9 258890 
650 7 |a EJECUCION DE LA PENA  |2 CL-VaPUC  |9 525849 
583 |a last modification  |c 20071228 00:00:00  |k Rodrigo Vera 
490 0 |a Clásicos del Derecho Procesal Penal, 2 
999 |c 328164  |d 328162 
952 |0 0  |1 0  |4 0  |6 345_050000000000000_CAR_2001  |7 0  |8 A  |9 411956  |a BIBDER  |b BIBDER  |d 2019-11-22  |i 4398734  |l 1  |o 345.05 CAR 2001  |p 4398734  |r 2024-11-08  |s 2024-11-08  |w 2019-11-22  |y BK  |k DER